Rizvi Ashraf m (Record no. 573)
[ view plain ]
| 000 -LEADER | |
|---|---|
| fixed length control field | 00358nam a2200133Ia 4500 |
| 008 - FIXED-LENGTH DATA ELEMENTS--GENERAL INFORMATION | |
| fixed length control field | 151015s9999 xx 000 0 und d |
| 020 ## - INTERNATIONAL STANDARD BOOK NUMBER | |
| International Standard Book Number | 9.7800705995e+012 |
| 050 ## - LIBRARY OF CONGRESS CALL NUMBER | |
| Classification number | T10.5R362009 |
| 245 ## - TITLE STATEMENT | |
| Title | Rizvi Ashraf m |
| 250 ## - EDITION STATEMENT | |
| Edition statement | _Effective Technical Communacation |
| 500 ## - GENERAL NOTE | |
| General note | Includes index |
| 650 ## - SUBJECT ADDED ENTRY--TOPICAL TERM | |
| Topical term or geographic name as entry element | _Communication |
| 700 ## - ADDED ENTRY--PERSONAL NAME | |
| Personal name | ^d20110107 09:38:45^oanne |
No items available.